000 04727cam a22013454i 4500
003 PE-LiUPU
005 20250813185354.0
008 150623s1994 pe a r 000 0 d
035 _a(Sirsi) a20545
040 _aPE-LiUPU
_bspa
_cPE-LiUPU
_erda
082 0 4 _a305.42985
_bT15
_221
082 0 4 _a261.835
_bT15
_221
082 0 4 _a248.4
_bT15
100 1 _aTaiña Condori, Justo Román,
_d1915-,
_eautor.
245 1 3 _aLa mujer compañera del hombre /
_cJusto Román Taiña Condori.
264 1 _aJuliaca, Puno, Perú :
_bTalleres gráficos de industrias Offset,
_c1994.
300 _a173 páginas ;
_c21 cm.
336 _atext
_2rdacontent
337 _aunmediated
_2rdamedia
338 _avolume
_2rdacarrier
505 0 _aLa mujer a traves de la historia. -Realidad social y educativa de la muejer indígena. -La educación actual de la mujer indígena.
526 _aP202
526 _aP201
526 _aP163
526 _aP162
526 _aP161
526 _aP160
526 _aP148
526 _aP147
526 _aP146
526 _aP145
526 _aP144
526 _aP143
526 _aP142
526 _aP141
526 _aP140
526 _aP139
526 _aP138
526 _aP137
526 _aP136
526 _aP135
526 _aP134
526 _aP133
526 _aP129
526 _aP128
526 _aP127
526 _aP120
526 _aP119
526 _aP118
526 _aP116
526 _aP115
526 _aP114
526 _aP110
526 _aP109
526 _aP108
526 _aP104
526 _aP103
526 _aP102
526 _aP99
526 _aP98
526 _aP97
526 _aP96
526 _aP95
526 _aP93
526 _aP90
526 _aP89
526 _aP88
526 _aP83
526 _aP82
526 _aP62
526 _aP59
526 _aP58
526 _aP57
526 _aP51
526 _aP49
526 _aP48
526 _aP47
526 _aP29
526 _aP24
526 _aP20
526 _aP19
526 _aP17
526 _aP15
526 _aP14
526 _aP12
526 _aP10
526 _aP09
526 _aP08
526 _aP07
526 _aP06
526 _aP05
526 _aP04
526 _aP01
650 0 4 _aMujeres
_xHistoria
_zPerú.
910 _tqv
_d20190308
942 _2ddc
_cBOOK
949 _a305.42985 T15
_wDEWEY
_c1
_i44037
_lCCODEBUL1
_mBUL
_p00.00
_r0
_sY
_tBOOK
_u2015-06-24
_xTEOLOGIA
_PP35
_0COMPRA
_o.STAFF. Colección General
949 _a\\
_a261.835 T15 1994
_wLC
_c1
_iCW00684
_lCIAE5
_mBWL
_p10.00
_r1
_sY
_tBOOK
_u2018-07-02
_xWHITE
_zUNKNOWN
_0COMPRA
_o.STAFF. Centro White
949 _a248.4 T15 1994
_wDEWEY
_c1
_iFJ12744
_lCCODEBUJ1
_mBUJ
_p15.00
_r0
_sY
_tBOOK
_u2019-03-08
_xFACIHED
_PP14
_0COMPRA
_o.STAFF. Colección General Juliaca
949 _a248.4 T15 1994
_wDEWEY
_c2
_iFJ12745
_lCCODEBUJ1
_mBUJ
_p15.00
_r0
_sY
_tBOOK
_u2019-03-08
_xFACIHED
_PP14
_0COMPRA
_o.STAFF. Colección General Juliaca
949 _a248.4 T15 1994
_wDEWEY
_c3
_iFJ12746
_lCCODEBUJ1
_mBUJ
_p15.00
_r0
_sY
_tBOOK
_u2019-03-08
_xFACIHED
_PP14
_0COMPRA
_o.STAFF. Colección General Juliaca
949 _a248.4 T15 1994
_wDEWEY
_c4
_iFJ12749
_lCCODEBUJ1
_mBUJ
_p15.00
_r0
_sY
_tBOOK
_u2019-03-08
_xFACIHED
_PP14
_0COMPRA
_o.STAFF. Colección General Juliaca
994 _aCO
_bPEPRU
596 _a1 3 4
999 _a305.42985 T15
_wDEWEY
_c20918
_i44037
_f2021-11-4
_g5
_lCCODEBUL1
_mBUL
_r0
_sY
_tBOOK
_u2015-6-24
_xBIBLIOTECA
_PP35
_0COMPRA
_o.STAFF. Colección General
_d20918
999 _a261.835 T15 1994
_wDEWEY
_c1
_iCW00684
_f2021-12-22
_g2
_lCCODECWL1
_mBWL
_p10.00
_r0
_sY
_tBOOK
_u2018-8-2
999 _a261.835 T15 1994
_wDEWEY
_c2
_iCW00931
_f2021-12-22
_g1
_lCCODECWL1
_mBWL
_p10.00
_r0
_sY
_tBOOK
_u2018-12-5
_xWHITE
_zUNKNOWN
_0COMPRA
_o.STAFF. Centro White
999 _a248.4 T15 1994
_wDEWEY
_c1
_iFJ12744
_d2019-3-13
_f2022-2-4
_g2
_lCCODEBUJ1
_mBUJ
_p15.00
_q1
_r0
_sY
_tBOOK
_u2019-3-8
_xEDUCACION
_PP14
_0DONACION
_o.STAFF. Colección General Juliaca
999 _a248.4 T15 1994
_wDEWEY
_c2
_iFJ12745
_d2019-3-13
_f2022-2-4
_g2
_lCCODEBUJ1
_mBUJ
_p15.00
_q1
_r0
_sY
_tBOOK
_u2019-3-8
_xEDUCACION
_PP14
_0DONACION
_o.STAFF. Colección General Juliaca
999 _a248.4 T15 1994
_wDEWEY
_c3
_iFJ12746
_d2019-3-13
_f2022-2-4
_g2
_lCCODEBUJ1
_mBUJ
_p15.00
_q1
_r0
_sY
_tBOOK
_u2019-3-8
_xEDUCACION
_PP14
_0DONACION
_o.STAFF. Colección General Juliaca
999 _a248.4 T15 1994
_wDEWEY
_c4
_iFJ12749
_d2019-3-13
_f2022-2-4
_g2
_lCCODEBUJ1
_mBUJ
_p15.00
_q1
_r0
_sY
_tBOOK
_u2019-3-8
_xEDUCACION
_PP14
_0DONACION
_o.STAFF. Colección General Juliaca
980 _81
_gALBERTO SANCHEZ Responsable de Automatización